| 000 | 00799nam a2200253 i 4500 | ||
|---|---|---|---|
| 001 | bg | ||
| 100 | 1 | _aGURGUL, Eugeniusz | |
| 245 | 1 | 0 |
_aGospodarka a ochrona środowiska z elementami ekologii / _cEugeniusz Gurgul, Oksana Seroka ; Wydział Zarządzania Politechniki Częstochowskiej. |
| 260 |
_aCzęstochowa : _bWydaw. WZPC, _c2002. |
||
| 300 |
_a74 s. : _bil. ; _c21 cm. |
||
| 504 | _aBibliogr. | ||
| 650 | 9 | _aDegradacja środowiska | |
| 650 | 9 | _aOchrona środowiska | |
| 655 | _aPodręczniki akademickie | ||
| 700 | 1 | _aSEROKA, Oksana | |
| 710 | 0 |
_aPolitechnika Częstochowska _bWydział Zarządzania |
|
| 020 | _a8388469568 | ||
| 040 | _cBPK | ||
| 041 | 0 | _apol | |
| 080 | _a504.03/.05(075.8) | ||
| 920 | _a83-88469-56-8 | ||
| 942 | _cKS | ||
| 008 | s pl f |000 0 pol | ||
| 999 |
_c42912 _d42912 |
||
| 856 |
_uhttp://koha.tu.koszalin.pl/cgi-bin/koha/opac-detail.pl?biblionumber=42912 _yKatalog online BPK |
||